000 01209nam a22002057a 4500
999 _c59387
_d59387
003 Ge_BSU
005 20230202123300.0
008 230202s2002 ge ||||| |||| 00| 0 geo d
041 _ageo
080 _a621.47(075.8) ყ-56
100 _aყიფიანი, ირაკლი
_93801
245 _aმზის ენერგიის გამოყენება და ენერგოეფექტურობის გაუმჯობესება სახლებში :
_bპრაქტიკული სახელმძღვანელო /
_cირაკლი ყიფიანი.
264 _aთბილისი,
_c[2022].
300 _a254 გვ. :
_b სურ. ;
_c21 სმ
500 _aპუბლიკაცია შექმნილია ევროკავშირისა (EU) და გაეროს განვითარების პროგრამის (UNDP) მხარდაჭერით.
504 _a ბიბლიოგრაფია: გვ. 254.
653 _a მზის ენერგიის გამოყენება
653 _a ენერგოეფექტურობა
942 _2udc
_cBK